Детекрирование объектов на изображении на основе метода деревьев решений; Молодежь и современные информационные технологии

Detalles Bibliográficos
Parent link:Молодежь и современные информационные технологии.— 2020.— [С. 162-163]
Autor Principal: Коваль Д. И.
Autor Corporativo: Национальный исследовательский Томский политехнический университет Инженерная школа информационных технологий и робототехники Отделение информационных технологий
Outros autores: Вик К. В., Иванова Ю. А. Юлия Александровна
Summary:Заглавие с титульного экрана
Idioma:ruso
Publicado: 2020
Series:Компьютерное моделирование и интеллектуальный анализ данных
Subjects:
Acceso en liña:http://earchive.tpu.ru/handle/11683/62207
Formato: MixedMaterials Electrónico Capítulo de libro
KOHA link:https://koha.lib.tpu.ru/cgi-bin/koha/opac-detail.pl?biblionumber=631161

MARC

LEADER 00000naa2a2200000 4500
001 631161
005 20231225113300.0
035 |a (RuTPU)RU\TPU\conf\32860 
035 |a RU\TPU\conf\32859 
090 |a 631161 
100 |a 20200629d2020 k y0rusy50 ca 
101 0 |a rus 
102 |a RU 
105 |a y z 101zy 
135 |a drcn ---uucaa 
181 0 |a i  
182 0 |a b 
200 1 |a Детекрирование объектов на изображении на основе метода деревьев решений  |f Д. И. Коваль, К. В. Вик, Ю. А. Иванова 
203 |a Текст  |c электронный 
225 1 |a Компьютерное моделирование и интеллектуальный анализ данных 
300 |a Заглавие с титульного экрана 
320 |a [Библиогр.: с. 163 (6 назв.)] 
463 0 |0 (RuTPU)RU\TPU\conf\32807  |t Молодежь и современные информационные технологии  |o сборник трудов XVII Международной научно-практической конференции студентов, аспирантов и молодых учёных, 17-20 февраля 2020 г., г. Томск  |f Национальный исследовательский Томский политехнический университет, Инженерная школа информационных технологий и робототехники ; под ред. Д. М. Сонькина [и др.]  |v [С. 162-163]  |d 2020 
610 1 |a электронный ресурс 
610 1 |a труды учёных ТПУ 
610 1 |a детекрирование 
610 1 |a объекты 
610 1 |a изображения 
610 1 |a метод дерева решений 
610 1 |a алгоритмы 
610 1 |a машинное обучение 
700 1 |a Коваль  |b Д. И. 
701 1 |a Вик  |b К. В. 
701 1 |a Иванова  |b Ю. А.  |c специалист в области информатики и вычислительной техники  |c доцент Томского политехнического университета, кандидат технических наук  |f 1986-  |g Юлия Александровна  |3 (RuTPU)RU\TPU\pers\45858  |9 22003 
712 0 2 |a Национальный исследовательский Томский политехнический университет  |b Инженерная школа информационных технологий и робототехники  |b Отделение информационных технологий  |3 (RuTPU)RU\TPU\col\23515 
801 2 |a RU  |b 63413507  |c 20200707  |g RCR 
856 4 |u http://earchive.tpu.ru/handle/11683/62207 
942 |c BK